000 01716nam a2200481 i 4500
001 25706
003 KOSZ 005
005 20200714084142.0
008 200714s1973 pl a g 000 0 pol
015 _aUWD 1973/8770
035 _a991010579049705066
035 _a(PL-WaBN)b12883773-48omnis_nlop
035 _ab12883773
035 _a(OCoLC)830238290
035 _a(PL)b0000001288377
035 _a(EXLNZ-48OMNIS_NETWORK)9910197739705606
040 _aWA N
_cWA N
_dKOSZ 005/RW
046 _k1973
080 _a52
080 _a629.78
080 _a(03)
245 0 0 _aKopernik, astronomia, astronautyka :
_bprzewodnik encyklopedyczny /
_c[teksty napisali Barbara Bieńkowska et al. ; redakcja Włodzimierz Zonn].
260 _aWarszawa :
_bPaństwowe Wydawnictwo Naukowe,
_c1973.
300 _a335, [1] stron, [20] kart tablic :
_bilustracje, mapy, portrety, tablice, wykresy ;
_c23 cm.
336 _aTekst
_btxt
_2rdacontent
337 _aBez urządzenia pośredniczącego
_bn
_2rdamedia
338 _aWolumin
_bnc
_2rdacarrier
380 _aKsiążki
380 _aPublikacje popularnonaukowe
388 1 _a1901-2000
388 1 _a1945-1989
504 _aBibliografia na stronach 332-[334].
650 7 _aAstronautyka
_2DBN
650 7 _aAstronomia
_2DBN
655 7 _aEncyklopedia
_2DBN
658 _aFizyka i astronomia
700 1 _aBieńkowska, Barbara
_d(1934- )
_eAutor
700 1 _aZonn, Włodzimierz
_d(1905-1975)
_eRed.
710 2 _aPaństwowe Wydawnictwo Naukowe
_4pbl
856 _uhttp://koha.tu.koszalin.pl/cgi-bin/koha/opac-detail.pl?biblionumber=25706
_yKatalog online BPK
942 _2UKD
_cKS
999 _c25706
_d25706